Prechod od klasického priameho predaja k elektronickému obchodu diplomová práca

Na minha lista:
Detalhes bibliográficos
Autor principal: Kozenko, Róbert
Autor Corporativo: Podnikovohospodárska fakulta EU so sídlom v Košiciach. Katedra marketingu a obchodu
Outros Autores: Gajdoš, Jozef, 1962-2025
Formato: Livro
Idioma:eslovaco
Publicado em: Košice 2011
Tags: Adicionar Tag
Sem tags, seja o primeiro a adicionar uma tag!

MARC

LEADER 00000nbm a2200000 4500
001 0139111
005 20161109101907.1
041 0 |a slo 
044 |a SK 
245 1 0 |a Prechod od klasického priameho predaja k elektronickému obchodu  |b diplomová práca  |c Róbert Kozenko ; školiteľ: Jozef Gajdoš 
264 1 |a Košice  |c 2011 
300 |a 69 s. 
100 1 |a Kozenko, Róbert 
700 1 |a Gajdoš, Jozef, 1962-2025 
710 2 |a Podnikovohospodárska fakulta EU so sídlom v Košiciach. Katedra marketingu a obchodu